000 04334cam a2200757 a 4500
999 _c3772
_d3772
001 ocm49493100
003 OCoLC
005 20180608164334.0
008 020318s2002 enk b 001 0 eng
010 _a 2002023443
015 _aGBA2V7916
_2bnb
015 _aGBA309027
_2bnb
020 _a0521818613
_q(hardback)
020 _a9780521818612
_q(hardback)
020 _a0521523370
_q(pbk.)
020 _a9780521523370
_q(pbk.)
024 3 _a9780521523370
035 _a(OCoLC)49493100
040 _aDLC
_beng
_cTZ-ArACH
049 _aTZAA
050 0 0 _aK250
_b.E46
082 0 0 _a340/.115
_221
245 0 4 _aEmergence of private authority in global governance /
_cedited by Rodney Bruce Hall and Thomas J. Biersteker.
260 _aCambridge, UK ;
_aNew York :
_bCambridge University Press,
_c2002.
300 _axvii, 248 pages ;
_c24 cm.
490 1 _aCambridge studies in international relations ;
_v85
504 _aIncludes bibliographical references (pages 223-240) and index.
505 0 _apt. I. Introduction: theorizing private authority. The emergence of private authority in the international system / Rodney Bruce Hall and Thomas J. Bierteker ; Private regimes and inter-firm cooperation / A. Claire Cutler -- pt. II. Market authority: globalization and "globaloney." Economic governance in an electronically networked global economy / Stephen J. Kobrin ; Global finance, political authority, and the problem of legitimation / Louis W. Pauly ; The state and globalization / Saskia Sassen -- pt. III. Moral authority: global civil society and transnational religious movements. "Regulation for the rest of us?" Global civil society and the privatisation of transnational regulation / Ronnie D. Lipschutz and Cathleen Fogel ; The global dimensions of religious terrorism / Mark Juergensmeyer -- pt. IV. Illicit authority: mafias and mercenaries. Transnational organized crime and the state / Phil Williams ; The return of the dogs of war? The privatization of security in Africa / Bernedette Methuen and Ian Taylor -- pt. V. Conclusions and directions. Private authority as global governance / Thomas J. Biersteker and Rodney Bruce Hall.
520 _aThe emergence of private authority has become increasingly a feature of the post-Cold War world. This book delivers a highly topical analysis of the emergence of private authority in the governance of global affairs.
650 0 _aAuthority.
650 0 _aState, The.
_95362
650 0 _aSociological jurisprudence.
650 0 _aInternational organization.
650 0 _aSecurity, International.
650 0 _aGlobalization.
650 6 _aAutorité
650 6 _aEtat.
_95365
650 6 _aSociologie juridique.
650 6 _aOrganisation internationale.
650 6 _aSécurité internationale.
650 7 _aAuthority.
_2fast
650 7 _aGlobalization.
_2fast
650 7 _aInternational organization.
_2fast
650 7 _aSecurity, International.
_2fast
650 7 _aSociological jurisprudence.
_2fast
650 7 _aState, The.
_2fast
_95362
650 1 7 _aParticuliere sector.
650 7 _aSecteur privé.
650 7 _aCommunauté internationale.
650 7 _aSociologie juridique.
_2ram
650 7 _aSécurité internationale.
650 7 _aMondialisation.
_2ram
700 1 _aHall, Rodney Bruce,
_d1960-
700 1 _aBiersteker, Thomas J.
830 0 _aCambridge studies in international relations ;
_v85.
856 4 1 _32002. (v. 85)
_uhttp://link.library.utoronto.ca/eir/EIRdetail.cfm?Resources__ID=1049828&T=F
856 4 1 _3Dawsonera
_uhttp://www.dawsonera.com/depp/reader/protected/external/AbstractView/S9780511305498
856 4 1 _3Sample text
_uhttp://catdir.loc.gov/catdir/samples/cam033/2002023443.html
856 4 1 _3Table of contents
_uhttp://catdir.loc.gov/catdir/toc/cam022/2002023443.html
856 4 1 _3Table of contents
_uhttp://swbplus.bsz-bw.de/bsz121524418inh.htm
856 4 1 _uhttp://link.library.utoronto.ca/eir/EIRdetail.cfm?Resources__ID=749548&T=F
856 4 2 _3Contributor biographical information
_uhttp://catdir.loc.gov/catdir/enhancements/fy0731/2002023443-b.html
856 4 2 _3Publisher description
_uhttp://catdir.loc.gov/catdir/description/cam022/2002023443.html
856 4 _3Verlagsinformation
_uhttp://swbplus.bsz-bw.de/bsz121524418vlg.htm
942 _2lcc
_cBOOK